000 00599nam a2200193Ia 4500
005 20250508161843.0
008 008 250505s9999 xx 000 0 eng d
037 _aDissertations
040 _aFEDL
_beng
_cFEDL
041 _aeng
_2eng
084 _a155.4, WAR/DI
_qFEDL
100 _aWardhan Harsh
_9522475
245 0 _aComparative study of the attitudes of fathers and mothers towards the behaviour probelms of children
260 _c1977
300 _a160p.
546 _aM.Ed. Dissertation (Delhi University)
942 _cDIS
_h155.4, WAR/DI
999 _c1372671
_d1372671